TRUE OR FALSE?EVERY COUNTRY3 - Statistics

General Stats
  • This quiz has been taken 21 times
  • The average score is 6 of 10
Answer Stats
Question Answer % Correct
Nis is the third biggest city False
100%
Serbian invented Parachute False
100%
There is a famous tennis player born here True
100%
Serbia is landlocked True
100%
Serbia is once in the Roman Empire False
50%
There are Hellens(Greece people) in Serbia False
50%
There are no Buddishim in the country False
50%
The national sport is soccer False
0%
It gains independent from Yugoslavia in 1918 True
0%
Sarma is one of the famous dish True
0%
No matching quizzes found
Score Distribution
Percent of People with Each Score
Percentile by Number Answered
Your Score History
You have not taken this quiz